Theatre its arts & craft / (Record no. 354931)
[ view plain ]
| 000 -LEADER | |
|---|---|
| fixed length control field | 00341nam a2200121Ia 4500 |
| 008 - FIXED-LENGTH DATA ELEMENTS--GENERAL INFORMATION | |
| fixed length control field | 180205s9999 xx 000 0 und d |
| 020 ## - INTERNATIONAL STANDARD BOOK NUMBER | |
| International Standard Book Number | 9781442277748 |
| 100 ## - MAIN ENTRY--PERSONAL NAME | |
| Personal name | Gendrich, Cynthia M. |
| 245 ## - TITLE STATEMENT | |
| Statement of responsibility, etc | Arher, Stephen |
| Title | Theatre its arts & craft / |
| 250 ## - EDITION STATEMENT | |
| Edition statement | 7th ed |
| 260 ## - PUBLICATION, DISTRIBUTION, ETC. (IMPRINT) | |
| Place of publication, distribution, etc | London : |
| Name of publisher, distributor, etc | Rowman & Littlefield |
| Date of publication, distribution, etc | 2017 |
| 300 ## - PHYSICAL DESCRIPTION | |
| Extent | v, 298 pages |
| Withdrawn status | Lost status | Damaged status | Home library | Current library | Shelving location | Date acquired | Source of acquisition | Total Checkouts | Full call number | Barcode | Date last seen | Price effective from | Koha item type |
|---|---|---|---|---|---|---|---|---|---|---|---|---|---|
| College Library | College Library | Reserve Section | 02/05/2018 | Library Fund | PN 2037 .G325 2017 | c21158 | 05/15/2018 | 02/05/2018 | Books |